| 000 | 00509nam a2200181Ia 4500 | ||
|---|---|---|---|
| 001 | 24350 | ||
| 005 | 20260414151037.0 | ||
| 008 | 260414t1999||||xx |||||||||||||| ||spa|| | ||
| 041 | _aESP | ||
| 082 |
_a345.52 _bA13 |
||
| 100 |
_aAberastury, Pedro [autor] _eAUT |
||
| 245 | 0 |
_aLa protección constitucional del ciudadano : _bArgentina, Brasil, Chile, Colombia, Costa Rica y Venezuela |
|
| 260 | _c1999 | ||
| 300 |
_a255 páginas : _c21 cm. |
||
| 650 | _aDER | ||
| 654 | _aCDE | ||
| 942 |
_cLIB _dJUS _fJUS _2ddc _n |
||
| 999 |
_c24350 _d24350 |
||